[Event "Asheboro Open 51"]
[Site "?"]
[Date "2009.11.07"]
[Round "1"]
[White "Mabe, Chris"]
[Black "Baldwin, Scott"]
[Result "1-0"]
[WhiteElo "2299"]
[BlackElo "1834"]
[Annotator "Rybka 3 (90s)"]
[PlyCount "55"]
[SourceDate "2006.11.11"]

{B13: Caro-Kann: Exchange Variation and Panov-Botvinnik Attack} 1. e4 c6 {
Covers b5} 2. d4 d5 3. exd5 cxd5 4. Bd3 {
Black is behind in developement. Black's piece can't move: f8} Nc6 {
Black threatens to win material: Nc6xd4} 5. c3 {Black's piece can't move: f8}
Nf6 6. Bf4 Bg4 {Black threatens to win material: Bg4xd1} 7. Qb3 {
White threatens to win material: Qb3xb7} Qc8 8. Nd2 e6 {
Prevents intrusion on f5} 9. Ngf3 (9. h3 Bh5 $11) 9... Be7 (9... Nh5 10. Bg3 f6
11. O-O-O $11) 10. O-O {White has an active position} O-O 11. Qc2 (11. h3 Bh5
$11) 11... Bh5 (11... Bf5 12. Bxf5 exf5 13. h3 $11) 12. Ne5 Bg6 13. Nxg6 hxg6 {
White has the pair of bishops} 14. Nf3 a6 {Consolidates b5} (14... Nh5 15. Be5
$14) 15. Qe2 (15. h3 Ne8 $14) 15... Re8 {White has an active position} (15...
Nh5 16. Bg5 $14) 16. Rfe1 (16. h3 Qd8 $14) 16... Bf8 (16... Nh5 17. Be3 $14)
17. Be5 (17. Qe3 Qd8 $14) 17... Ne7 (17... Qd8 18. Bg3 $14) 18. Ng5 $14 Nf5 (
18... Qd7 19. Qf3 Nf5 20. g4 $14) 19. Qf3 (19. g4 Nh6 20. h3 Nd7 $14) 19... Be7
20. Qh3 (20. g4 $142 Nh4 21. Qg3 $14) 20... b5 $4 (20... Nh6 $142 $14 {
was necessary}) 21. Bxf5 $18 gxf5 22. Qh4 $4 {
not a good decision, because now the opponent is right back in the game} (22.
Re3 $142 {makes it even easier for White} Qd8 23. Rae1 b4 $18) 22... Qd7 $4 {
leads to further unpleasantness} (22... Qd8 $142 23. f4 Bd6 $16) 23. Re3 $18
Bd8 (23... g6 {there is nothing better in the position} 24. Qh6 Bf8 25. Qxf8+
Kxf8 26. Bxf6 Qd8 27. Bxd8 Rexd8 $18) 24. Rh3 Kf8 25. Qh8+ Ke7 26. Qxg7 Rf8 27.
Bxf6+ Ke8 28. Qxf8+ $1 {Decoy: f8} (28. Qxf8+ Kxf8 29. Rh8#) 1-0

[Event "Asheboro Open 51"]
[Site "?"]
[Date "2009.11.07"]
[Round "1"]
[White "McNeill, Jonathon"]
[Black "Cato, Tony"]
[Result "1-0"]
[WhiteElo "1980"]
[BlackElo "1604"]
[Annotator "Rybka 3 (90s)"]
[PlyCount "65"]
[SourceDate "2006.11.11"]

{B23: Closed Sicilian: Lines without g3} 1. e4 c5 2. Nc3 g6 3. g3 (3. Nf3 Bg7
$11) 3... Bg7 4. Bg2 e5 (4... Nc6 5. a4 $11) 5. d3 Nf6 6. Nh3 (6. Bg5 d6 $11)
6... Nc6 7. O-O d6 8. f4 Bg4 {Black threatens to win material: Bg4xd1} 9. Qe1
Qd7 (9... O-O 10. Nf2 Be6 11. Qd1 $15) 10. Nf2 (10. fxe5 dxe5 11. Nf2 Be6 $15)
10... Nd4 (10... Be6 11. fxe5 dxe5 12. Bg5 $11) 11. Nxg4 (11. fxe5 dxe5 12.
Nxg4 Qxg4 $14) 11... Nxg4 $11 {White has the pair of bishops} (11... Nxc2 $2 {
doesn't lead to anything significant} 12. Nxf6+ Bxf6 13. Qf2 Nxa1 14. Nd5 $18)
12. Qd1 Nf6 (12... exf4 13. Bxf4 h5 14. Nd5 $11) 13. fxe5 $14 dxe5 14. Bg5 {
White threatens to win material: Bg5xf6} Qd6 15. Nd5 Nxd5 16. exd5 f6 {
Black threatens to win material: f6xg5} 17. Bd2 O-O-O 18. c3 Nb5 (18... Nf5 19.
Rb1 $14) 19. a4 {White threatens to win material: a4xb5} (19. Qa4 $5 a6 20. Be3
$16) 19... Nc7 $14 {Black threatens to win material: Nc7xd5} 20. c4 {
White has a new protected passed pawn: d5} Qb6 (20... h5 $5 $11 {
might be a viable alternative}) 21. Rb1 (21. a5 Qd6 22. b4 $16) 21... a5 $2 (
21... Na6 22. Qe1 $16) 22. b3 $4 {White has let it slip away} (22. Qe1 h5 $18)
22... f5 $2 (22... Na6 $142 $11 {is a viable option}) 23. Qe1 $18 Qa7 24. Bxa5
b6 (24... h5 25. Bc3 $18) 25. Bc3 Na6 (25... h5 26. Ra1 $18) 26. Qf2 (26. a5
$142 $18) 26... g5 $4 {Black crumbles in face of a dire situation} (26... Qc7
$142 $18) 27. Ra1 {White plans a5} (27. Qxf5+ {might be the shorter path} Kb8
28. a5 Rd6 29. axb6 Qb7 30. Qxg5 h6 $18) 27... g4 (27... f4 {
the last chance for counterplay} 28. a5 Rhf8 $18) 28. a5 f4 (28... Rdf8 29.
axb6 Qxb6 30. Rxa6 Qxa6 31. Qxc5+ Kd7 32. Ra1 $18) 29. axb6 Qxb6 30. Ba5 (30.
gxf4 $142 {keeps an even firmer grip} Nb8 31. b4 $18) 30... fxg3 (30... Qh6 {
what else?} 31. Bxd8 Kxd8 $18) 31. Qf5+ Rd7 (31... Kb8 32. Bxb6 gxh2+ 33. Kxh2
Rd6 34. Rxa6 e4 35. Ba7+ Ka8 36. Rxd6 g3+ 37. Kxg3 Rg8 38. Rd7 Bf6+ 39. Kh2 Be7
40. Rxe7 Rd8 41. Bxc5 h5 42. Ra1+ Kb8 43. Qf4+ Rd6 44. Qf8+ Rd8 45. Qxd8#) 32.
Bxb6 gxh2+ 33. Kh1 (33. Kh1 Rf8 34. Qxg4 Rxf1+ 35. Bxf1 h5 36. Qe6 Nc7 37. Qg8+
Bf8 38. Qxf8+ Rd8 39. Bh3+ Kb7 40. Qxd8 Nxd5 41. cxd5 e4 42. Qc7#) (33. Kxh2
Rhd8 34. Bxd8 Nb8 35. Bb6 g3+ 36. Kxg3 h5 37. Ra7 h4+ 38. Kxh4 Bf6+ 39. Qxf6
Rh7+ 40. Rxh7 Nd7 41. Rxd7 Kb8 42. Qd8#) 1-0

[Event "NC Open 2009"]
[Site "?"]
[Date "2009.10.30"]
[Round "1"]
[White "Liu, Dan"]
[Black "Mabe, Chris"]
[Result "1/2-1/2"]
[WhiteElo "2000"]
[BlackElo "2292"]
[Annotator "Rybka 3 (90s)"]
[PlyCount "91"]
[EventDate "2009.??.??"]
[SourceDate "2006.11.11"]

{A30: Symmetrical English: Double Fianchetto and Hedgehog} 1. Nf3 Nf6 2. c4 e6
(2... c5 3. g3 $11) 3. Nc3 c5 4. g3 b6 5. Bg2 Bb7 6. O-O d6 {Controls e5} 7. d4
cxd4 8. Nxd4 Bxg2 9. Kxg2 {White king safety dropped} Be7 10. b3 (10. Qa4+ Qd7
$14) 10... a6 {Prevents intrusion on b5} 11. Bb2 (11. Qd3 Qc7 $11) 11... Qc8 (
11... Qc7 12. Qd2 $11) 12. e3 Nbd7 13. Kg1 {White king safety improved} O-O 14.
Rc1 (14. Qf3 Qc7 $11) 14... Rd8 15. Qe2 Nc5 (15... h6 16. f4 $11) 16. Rfd1 (16.
b4 Ncd7 $11) 16... Ra7 (16... Qb7 17. Qf3 Nfe4 18. Nxe4 Nxe4 19. Ne2 $11) 17.
Qf3 Rc7 18. Nde2 Qb8 19. Nd4 Qc8 20. Nde2 Qb8 21. Nd4 Rdc8 22. Qe2 Qb7 23. f3 {
Controls e4} Ncd7 24. e4 Bf8 25. Kg2 Ne5 (25... h5 26. h3 $11) 26. h3 {
Consolidates g4} Ng6 (26... h6 27. f4 Ned7 28. Qf3 $11) 27. Qe3 (27. f4 Ne7 $11
) 27... d5 (27... h5 $5 $11) 28. cxd5 exd5 29. exd5 {
White has a new passed pawn: d5. .} (29. e5 Nd7 30. e6 Nf6 $14) 29... Re8 (
29... Nxd5 30. Nxd5 Qxd5 31. Ne2 $11) 30. Qg5 (30. Qd3 Nxd5 31. Nxd5 Rxc1 32.
Nf6+ gxf6 33. Bxc1 Rd8 $14) 30... Re5 {The pressure on the isolated pawn grows.
Black threatens to win material: Re5xg5} 31. Nf5 $4 {White loses the upper hand
} (31. Qd2 $142 $11 {would bring relief}) 31... h6 $19 32. Nxh6+ gxh6 33. Qxf6
Be7 34. d6 Bxf6 35. dxc7 Qxc7 $4 {
Black wins the queen. Black lets it slip away.} (35... Ne7 $142 {
a shame that Black overlooked this excellent chance} 36. Ba3 Nc8 $19) 36. Ne4
$15 {White threatens to win material: Ne4xf6} Qe7 37. Rc8+ Kg7 38. Rd6 Qxd6 (
38... Qb7 $142 {would keep Black in the game} 39. Rcc6 Ne7 40. Rxb6 Qc7 $11)
39. Nxd6 $16 Re2+ 40. Kf1 Rxb2 41. Ne8+ Kf8 42. Nxf6+ Ke7 43. Nd5+ (43. Rc6
Rxa2 44. Rxb6 Ne5 $16) 43... Ke6 44. Nxb6 Rxa2 45. Nc4 h5 46. h4 1/2-1/2

[Event "NC Open 2009"]
[Site "?"]
[Date "2009.10.31"]
[Round "2"]
[White "Mabe, Chris"]
[Black "McIntosh, Shawn"]
[Result "1-0"]
[WhiteElo "2292"]
[BlackElo "1975"]
[Annotator "Rybka 3 (90s)"]
[PlyCount "79"]
[EventDate "2009.??.??"]
[SourceDate "2006.11.11"]

{C18: French: 3 Nc3 Bb4: Main line: 7 h4 and 7 Qg4} 1. e4 e6 2. d4 d5 3. Nc3
Bb4 (3... Nf6 4. Bg5 $11) 4. e5 {White wins space} (4. exd5 exd5 5. Nf3 Qe7+ 6.
Be3 f5 $14) 4... c5 {Black undermines the pawn chain} 5. a3 Bxc3+ 6. bxc3 {
White has the pair of bishops} Ne7 7. Qg4 cxd4 8. Qxg7 {
White traps the enemy king in the center} Rg8 9. Qxh7 Qc7 {
Black threatens to win material: Qc7xe5} ({Less advisable is} 9... dxc3 10. f4
$14) 10. Ne2 {White threatens to win material: Ne2xd4} Nbc6 11. f4 Bd7 (11...
dxc3 12. Ng3 Bd7 13. Qd3 $11) 12. Qd3 dxc3 13. Nxc3 (13. h4 d4 $14) 13... a6 {
Secures b5} 14. Rb1 Nf5 (14... Na5 15. g3 $11) 15. Rg1 {
White loses the right to castle} (15. g4 Rxg4 16. Bh3 Nxe5 17. fxe5 Qxe5+ 18.
Ne2 Rd4 $14) 15... Rc8 (15... Ncd4 16. g4 Rc8 17. Bd2 $11) 16. Ne2 $14 Na5 17.
Rb2 (17. g4 Ne7 $11) 17... Bb5 (17... Nc4 $5 18. Rb3 Ba4 $15) 18. Rxb5 $11 axb5
19. g4 {White threatens to win material: g4xf5} (19. Qxb5+ Kd8 20. g4 $11)
19... Qc5 (19... Qxc2 $142 $5 {is the best option Black has} 20. Qxc2 Rxc2 $15)
20. gxf5 $14 Rxg1 21. Nxg1 Qxg1 22. Qxb5+ (22. Be3 $142 Qxh2 23. Qxb5+ Nc6 24.
Qxb7 Qh4+ 25. Kd1 $16) 22... Kf8 $2 (22... Nc6 $142 {and Black hangs on} 23.
Qxb7 Kd8 24. Qxf7 Nd4 25. Qf6+ Kc7 26. Qe7+ Kb6 27. Qd6+ Kb7 28. Qa6+ Kb8 29.
Qb6+ Ka8 30. Qa5+ Kb8 $11) 23. Qxa5 $18 Rxc2 24. Bd2 Rb2 $2 (24... Ra2 $142 25.
Qd8+ Kg7 26. Qf6+ Kg8 27. Qg5+ Qxg5 28. fxg5 exf5 $18) 25. Qd8+ Kg7 26. Qf6+
Kg8 (26... Kf8 27. Bb4+ Kg8 28. Qd8+ Kh7 29. Qh4+ Kg7 30. Qg3+ Qxg3+ 31. hxg3
exf5 32. Bd3 $18) 27. Qg5+ Qxg5 28. fxg5 Ra2 (28... Rb1+ 29. Ke2 exf5 $18) 29.
fxe6 fxe6 30. h4 Rxa3 (30... Ra1+ {
a fruitless try to alter the course of the game} 31. Ke2 Rxa3 32. h5 $18) 31.
h5 Rf3 (31... Ra1+ {does not solve anything} 32. Kf2 $18) 32. h6 Rf5 (32... Kh8
$18 {a last effort to resist the inevitable}) 33. Bd3 Rxe5+ (33... Rf3 {
cannot undo what has already been done} 34. g6 Rxd3 35. h7+ Kg7 36. Bh6+ Kxh6
37. h8=Q+ Kxg6 38. Qg8+ Kf5 39. Qh7+ Kxe5 40. Qxd3 $18) 34. Kf2 d4 35. Kf3 b5 (
35... Rd5 36. g6 Kh8 37. Bf4 b5 38. Kg4 Kg8 39. h7+ Kh8 40. Bg5 Kg7 41. Bh6+
Kf6 42. h8=Q+ Ke7 43. g7 Kd6 44. g8=Q Kc5 45. Bf8+ Rd6 46. Qe5+ Kb4 47. Qxd6+
Kc3 48. Qa3+ Kd2 49. Qxe6 b4 50. Qe2#) 36. Kf4 Rc5 37. Bb4 Rc1 (37... e5+ 38.
Kf5 Rc6 39. g6 Rc7 40. Bd6 Rd7 41. Bxe5 Rb7 42. Bxb5 Kf8 43. Bd6+ Re7 44. h7
Kg7 45. Bxe7 d3 46. Bf6+ Kf8 47. h8=Q#) 38. h7+ Kg7 39. Bf8+ $1 {
Double attack: b5/f8} Kh8 (39... Kxf8 40. h8=Q+ {Double attack}) 40. Be7 (40.
Be7 e5+ 41. Kxe5 Re1+ 42. Kd6 Rxe7 43. Kxe7 Kg7 44. g6 Kh6 45. h8=Q+ Kg5 46.
Qxd4 b4 47. g7 Kh6 48. g8=Q Kh5 49. Qdh8#) (40. Bd6 Rf1+ 41. Bxf1 Kxh7 42. Bxb5
Kg6 43. Be5 Kf7 44. Bxd4 Ke7 45. g6 Kd6 46. g7 e5+ 47. Bxe5+ Kc5 48. Bd3 Kb4
49. g8=Q Ka4 50. Qc4+ Ka3 51. Qb5 Ka2 52. Qa4#) 1-0

[Event "NC Open 2009"]
[Site "?"]
[Date "2009.10.31"]
[Round "3"]
[White "Timmel, John"]
[Black "Mabe, Chris"]
[Result "1-0"]
[WhiteElo "2111"]
[BlackElo "2292"]
[Annotator "Rybka 3 (90s)"]
[PlyCount "63"]
[EventDate "2009.??.??"]
[SourceDate "2006.11.11"]

{A14: English Opening: 1...e6 with b3 by White} 1. Nf3 Nf6 2. c4 e6 3. g3 d5 {
Black threatens to win material: d5xc4} 4. Bg2 c6 (4... Be7 5. d4 $14) 5. O-O (
5. d4 h6 $11) 5... Nbd7 6. b3 Be7 7. Bb2 (7. Nc3 a5 $11) 7... O-O 8. d3 {
Covers e4} (8. Nc3 Ne8 $14) 8... b6 (8... b5 9. Nbd2 $11) 9. Nbd2 Bb7 10. e4 c5
(10... Nc5 11. e5 Nfd7 12. Qe2 $14) 11. e5 {
White threatens to win material: e5xf6} (11. cxd5 exd5 12. Qe2 Re8 $11) 11...
Ne8 (11... Ng4 12. cxd5 exd5 13. Re1 $14) 12. Re1 (12. cxd5 Bxd5 13. Ne4 Rb8
$14) 12... Qc7 (12... Nc7 13. Qe2 $11) 13. h4 (13. d4 Qc8 $11) 13... Rd8 14.
Qe2 Kh8 (14... d4 15. b4 $11) 15. Nf1 (15. d4 g6 $14) 15... b5 (15... Kg8 16.
cxd5 Bxd5 17. d4 $11) 16. N1h2 (16. cxb5 $5 Qb6 17. a4 $16) 16... bxc4 17. dxc4
(17. bxc4 Rb8 $11) 17... dxc4 (17... d4 18. h5 $11) 18. Qxc4 Qc6 19. h5 {
Black has a cramped position} Nb6 20. Qg4 c4 (20... h6 21. Rad1 $11) 21. Rac1
Bb4 {Black threatens to win material: Bb4xe1} (21... Rd2 22. Bd4 $11) 22. Nh4 (
22. Re2 h6 $14) 22... Qc7 (22... Qc5 23. Red1 Rxd1+ 24. Qxd1 Bxg2 25. Bd4 $14 (
25. Nxg2 $143 c3 $11) (25. Kxg2 $143 c3 $15)) 23. Bxb7 (23. Re2 Bd2 24. Rc2 Bh6
$14) 23... Bxe1 $11 24. Rxe1 Qxb7 {Black wins the exchange} 25. Ba3 {
White threatens to win material: Ba3xf8} Rg8 26. N2f3 cxb3 $4 {
releasing the pressure on the opponent.} (26... h6 $142 $5 {
and Black could well hope to play on} 27. Ng6+ Kh7 $11) 27. Ng5 $16 Rd7 $4 {
another bit of territory lost} (27... g6 28. hxg6 fxg6 29. Qxe6 $18) 28. axb3 (
28. Nxf7+ Rxf7 29. Ng6+ hxg6 30. hxg6 Qg2+ 31. Kxg2 Rxf2+ 32. Kxf2 Rf8+ 33.
Bxf8 Nf6 34. exf6 gxf6 35. Rh1+ Kg8 36. Qxe6+ Kxf8 37. Qf7#) 28... Qd5 $4 {
but even a better move would not have saved the game} (28... g6 $142 29. hxg6
fxg6 30. Qxe6 Rc7 $18) 29. Nxf7+ $1 $18 {finishing him off} Rxf7 30. Ng6+ $1 {
the decision} hxg6 31. hxg6 Qd2 32. Qh4+ (32. Qh4+ Qh6 33. Qxh6+ gxh6 34. gxf7
$18) 1-0

[Event "NC Open 2009"]
[Site "?"]
[Date "2009.11.01"]
[Round "4"]
[White "Mabe, Chris"]
[Black "Lilly, Joshua"]
[Result "1-0"]
[WhiteElo "2292"]
[BlackElo "1752"]
[Annotator "Rybka 3 (90s)"]
[PlyCount "51"]
[EventDate "2009.??.??"]
[SourceDate "2006.11.11"]

{B77: Sicilian Dragon: Yugoslav Attack, 9 Bc4 sidelines} 1. e4 c5 2. Nf3 Nc6 3.
d4 cxd4 4. Nxd4 g6 {Black has a cramped position. Black's piece can't move: c8}
5. Nc3 Bg7 {Black threatens to win material: Bg7xd4} 6. Be3 Nf6 7. Bc4 O-O {
Black has a cramped position. Black's piece can't move: c8} 8. Bb3 d6 9. f3 {
White has an active position} Bd7 10. Qd2 Nxd4 (10... Na5 11. O-O $11) 11. Bxd4
Qa5 (11... Rc8 12. O-O-O $14) 12. O-O-O Rfc8 (12... Be6 13. Kb1 $14) 13. Kb1
Qd8 (13... b5 14. a3 $16) 14. g4 a5 15. a4 b5 (15... Be6 $16) 16. e5 {
White threatens to win material: e5xf6} (16. axb5 Qe8 17. g5 Nh5 18. Bxg7 Nxg7
$18) 16... Ne8 $2 (16... dxe5 17. Bxe5 bxa4 18. Nxa4 Bxa4 19. Qxd8+ Rxd8 20.
Bxa4 $14) 17. e6 (17. axb5 a4 18. Nxa4 Bxb5 $18) 17... fxe6 (17... Bxe6 18.
Bxe6 fxe6 19. Nxb5 Bxd4 20. Nxd4 $14) 18. Nxb5 $16 Rab8 (18... Nc7 19. Bxg7
Kxg7 20. Nxc7 Rxc7 $18) 19. h4 $18 Bxd4 20. Nxd4 (20. Qxd4 $6 Qb6 $16) 20...
Rxb3 21. Nxb3 Bxa4 (21... Ng7 22. Qxa5 Qxa5 23. Nxa5 Bxa4 24. b3 $18) 22. h5
Bxb3 23. cxb3 Rc5 $4 {the pressure is too much, Black crumbles} (23... gxh5
$142 24. Rxh5 Nf6 $18) 24. hxg6 hxg6 (24... Rd5 {
doesn't get the cat off the tree} 25. gxh7+ Kh8 26. Qc3+ Ng7 27. Rxd5 exd5 28.
f4 $18) 25. Qd4 Nf6 26. Qxc5 $3 {Deflection: d6} (26. Qxc5 Kf7 27. Qg5 $18) 1-0

[Event "NC Open 2009"]
[Site "?"]
[Date "2009.11.01"]
[Round "5"]
[White "Mabe, Chris"]
[Black "Myers, Dominique"]
[Result "1-0"]
[WhiteElo "2292"]
[BlackElo "2038"]
[Annotator "Rybka 3 (90s)"]
[PlyCount "85"]
[EventDate "2009.??.??"]
[SourceDate "2006.11.11"]

{C77: Ruy Lopez: 3...a6 4 Ba4 Nf6, unusual lines} 1. e4 e5 2. Nf3 Nc6 3. Bb5 a6
4. Ba4 Nf6 5. Qe2 (5. O-O b5 6. Bb3 Bb7 $11) 5... b5 {
Black threatens to win material: b5xa4} 6. Bb3 Bc5 7. d3 d6 8. c3 {
Consolidates b4} (8. O-O O-O $11) 8... Bg4 (8... O-O 9. O-O $11) 9. h3 {
White threatens to win material: h3xg4} Bh5 (9... Bd7 10. O-O $11) 10. Nbd2 Bb6
11. Nf1 Bg6 (11... O-O 12. Ng3 Bg6 13. O-O $14) 12. Be3 Rb8 13. Nh4 Ne7 (13...
a5 14. Bxb6 Rxb6 15. Nxg6 hxg6 16. Ne3 $11) 14. Ng3 (14. Bg5 Nd7 $14) 14... c5
(14... Bxe3 $5 15. fxe3 Qd7 $11) 15. Bg5 h6 $2 (15... O-O $142 $5 $14 {
must be considered}) 16. Bxf6 $18 gxf6 17. O-O Rg8 18. Qf3 Nc6 (18... Bc7 $5
$18) 19. Ngf5 Rh8 (19... Ne7 20. Nxh6 Rh8 21. Nxg6 Rxh6 22. Qxf6 $18) 20. Qg4 (
20. Nxg6 $142 $5 {seems even better} fxg6 21. Ng7+ Kd7 22. Qg4+ f5 23. Qxg6 Ne7
24. Qe6+ Kc6 25. Nxf5 Nxf5 26. exf5 Rf8 $18) 20... h5 21. Ng7+ (21. Qg3 $5 Ne7
22. Nxe7 Kxe7 23. Nxg6+ fxg6 24. Qxg6 Qf8 $18) 21... Kf8 22. Ne6+ $1 {
Deflection: e6} fxe6 23. Nxg6+ Kg7 24. Qg3 Qe8 $2 (24... Kf7 $142 25. Nxh8+
Qxh8 $18) 25. Nxe5+ Kh7 (25... Kh6 26. Nxc6 Qxc6 27. Bxe6 $18) 26. Nxc6 Rc8 27.
Qf3 (27. Bd5 {makes it even easier for White} Rxc6 28. Bxc6 Qxc6 $18) 27... Rf8
(27... Rxc6 28. Qxf6 c4 29. dxc4 $18) 28. Ne7 $1 {finishing the game} Qxe7 29.
Qxh5+ Kg7 30. c4 (30. Qe2 Kf7 $18) 30... f5 (30... Rh8 31. Qe2 $18) 31. f4 (31.
Rfe1 Qf6 $18) 31... Qf6 32. Rf3 (32. Rae1 Rce8 $18) 32... Rg8 $2 (32... Qg6 33.
Qxg6+ Kxg6 $18) 33. Rg3+ (33. Re1 {keeps an even firmer grip} Qg6 34. Qxg6+
Kxg6 35. exf5+ Kxf5 36. g4+ Kf6 37. g5+ Kf7 $18) 33... Kf8 34. Rxg8+ Kxg8 35.
exf5 exf5 (35... Qxf5 36. Qxf5 exf5 37. Re1 $18) 36. Kh1 b4 37. Re1 Rf8 (37...
Kg7 38. Re3 Rh8 39. Qe2 $18) 38. Bd1 (38. Re3 {and White can already relax} Qg7
39. Re6 Rf6 40. Re8+ Rf8 $18) 38... Bd8 (38... Kg7 39. g4 Rh8 40. g5 $18) 39.
Bf3 (39. Re3 $142 {might be the shorter path} Qg7 40. Re6 Rf6 41. Re8+ Rf8 $18)
39... Kg7 40. Bd5 Qxb2 $4 {a blunder in a bad position} (40... Rh8 41. Qe2 $18)
41. Qf3 (41. g4 $142 {and the rest is a matter of technique} Qf6 42. Re6 Rh8
43. Rxf6 Rxh5 44. Rf7+ Kg6 45. gxh5+ Kxh5 $18) 41... Bf6 $4 {Black falls apart}
(41... a5 $18) 42. Qg3+ Kh8 (42... Kh7 {there is nothing else anyway} 43. Re6
Rd8 $18) 43. Qg6 (43. Qg6 Qxg2+ 44. Kxg2 Bg5 45. fxg5 Rf7 46. Re8+ Rf8 47.
Rxf8#) 1-0

[Event "NC Open 2009"]
[Site "?"]
[Date "2009.11.01"]
[Round "5"]
[White "Ardaman, Miles"]
[Black "Schroer, Jonathan"]
[Result "0-1"]
[WhiteElo "2315"]
[BlackElo "2429"]
[Annotator "Rybka 3 (120s)"]
[PlyCount "112"]
[SourceDate "2006.11.11"]

{A01: Nimzowitsch-Larsen Opening} 1. b3 e5 2. Bb2 {
White threatens to win material: Bb2xe5} Nc6 3. e3 {Controls d4} d5 4. Bb5 {
White has a cramped position} Bd6 5. f4 Qh4+ (5... f6 6. fxe5 fxe5 7. Nf3 $11)
6. g3 Qe7 7. Nf3 f6 {Consolidates g5} (7... Bg4 8. Bxe5 Bxe5 9. fxe5 Bxf3 10.
Qxf3 Qxe5 11. d4 $11) 8. Nc3 {White threatens to win material: Nc3xd5} (8. fxe5
fxe5 9. Bxc6+ bxc6 10. Nxe5 Nf6 11. Nxc6 Qd7 12. Bxf6 O-O $11) 8... Be6 9. Qe2
(9. O-O O-O-O $11) 9... Nh6 10. fxe5 fxe5 11. e4 dxe4 (11... d4 12. Nd5 Qd7 13.
Ng5 $11) 12. Bxc6+ (12. Nxe4 O-O $14) 12... bxc6 $14 13. Qxe4 (13. Nxe4 $5 O-O
14. O-O $14) 13... O-O $11 14. O-O-O Bg4 15. Rhf1 (15. Rdf1 Bh3 16. Qxc6 Bxf1
17. Rxf1 Rad8 $11) 15... Kh8 (15... Qf6 $5 {must definitely be considered} 16.
Rf2 Qf5 $15) 16. h4 $11 Bf5 17. Qxc6 Bd7 18. Qe4 Bf5 {
Black threatens to win material: Bf5xe4} 19. Qe3 {Black has an active position}
Bh3 {Black threatens to win material: Bh3xf1} 20. Rg1 {
Black has a very active position} (20. Rfe1 Bg4 21. Nxe5 Bxd1 22. Nxd1 Qe6 $14)
20... Bc5 (20... Bg4 21. Ng5 Bxd1 22. Qe4 $11) 21. d4 $14 {
White threatens to win material: d4xc5} Nf5 22. Qxe5 (22. Qd3 exd4 23. Na4 Ne3
24. Nxc5 Qxc5 (24... Rxf3 $2 {looks very tantalising, but} 25. Bxd4 Bf5 26. Qc3
$18) 25. Bxd4 Qa3+ 26. Kb1 Nxd1 27. Rxd1 Qd6 $14) 22... Qxe5 $11 23. Nxe5 {
White can be proud of that piece} Bxd4 24. Rge1 Bf2 25. Rh1 Bg2 {
Black threatens to win material: Bg2xh1} 26. Rh2 {
White threatens to win material: Rh2xg2} Bxg3 27. Ng6+ (27. Rxg2 $142 $5 {
and White could well hope to play on} Bxe5 28. Rgg1 $11) 27... hxg6 $17 28.
Rxg2 Bf4+ 29. Kb1 Ne3 30. Rxg6 Nxd1 31. Nxd1 Rf7 32. a4 Re8 33. Rg1 (33. Nc3
Re1+ 34. Ka2 Kh7 $17) 33... Be5 (33... Kh7 34. Bc3 $17) 34. Nc3 Ref8 35. Rg5 (
35. Nb5 $5 Rf1+ 36. Rxf1 Rxf1+ 37. Ka2 Bxb2 38. Kxb2 $17) 35... Rf1+ 36. Ka2
Bf6 {Black threatens to win material: Bf6xg5} (36... R1f5 $142 $5 37. Rxf5 Rxf5
$17) 37. Rc5 $11 {White threatens to win material: Rc5xc7} Rf3 38. h5 (38. Nb5
a5 $11) 38... a6 {Prevents intrusion on b5} (38... Rf7 39. b4 $15) 39. b4 (39.
Rxc7 $5 {is worth consideration} Rh3 40. Rc5 $11) 39... Rb8 $17 40. b5 axb5 41.
axb5 (41. Nxb5 Ra8 42. Rc4 c6 $17) 41... Rh3 42. Ne2 Bxb2 (42... Ra8+ $5 43.
Kb1 Rh1+ 44. Nc1 Ra4 $17) 43. Kxb2 $15 c6 {
Black threatens to win material: c6xb5} 44. Nf4 $2 (44. c4 $142 {
would keep White alive} cxb5 45. cxb5 $15) 44... Rf3 $19 45. Ng6+ $2 (45. Rc4
Rxb5+ 46. Kc1 Rf2 $19) 45... Kh7 46. c4 (46. b6 Rxb6+ 47. Kc1 Rb5 $19) 46...
cxb5 47. cxb5 Re8 48. Rc3 Rf5 49. Rb3 (49. Kc2 $19 {desperation}) 49... Rb8 50.
b6 Rf6 (50... Rf2+ $5 {makes it even easier for Black} 51. Kc1 Rc8+ 52. Kb1 $19
) 51. b7 Rf7 52. Rd3 (52. Kc2 {does not improve anything} Rbxb7 53. Re3 Rb5 $19
) 52... Rfxb7+ 53. Kc2 (53. Kc1 {
a fruitless try to alter the course of the game} Rb1+ 54. Kd2 R8b2+ 55. Ke3 Rb3
$19) 53... Rb2+ 54. Kc1 Rh2 55. Nf4 (55. Ne7 {
cannot undo what has already been done} Rbb2 56. Nd5 Rbf2 $19) 55... Ra8 56.
Kb1 Rf8 (56... Rf8 57. Rd4 Rh4 $19) 0-1